[Event "Team men HL 2016"]
[Site "Sochi"]
[Date "2016.05.05"]
[Round "5.2"]
[White "Bernadskiy, Vitaliy"]
[Black "Paravyan, David"]
[Result "0-1"]
[LiveChessVersion "1.4.4"]
[BlackElo "2497"]
[WhiteElo "2526"]

1. Nf3 {[%clk 1:30:57]} Nf6 {[%clk 1:30:51]} 2. c4 {[%clk 1:31:17]} c5
{[%clk 1:27:47]} 3. Nc3 {[%clk 1:31:28]} d5 {[%clk 1:27:57]} 4. cxd5
{[%clk 1:31:28]} Nxd5 {[%clk 1:28:23]} 5. g3 {[%clk 1:31:40]} Nc6
{[%clk 1:28:46]} 6. Bg2 {[%clk 1:32:05]} Nc7 {[%clk 1:29:13]} 7. O-O
{[%clk 1:32:21]} e5 {[%clk 1:29:41]} 8. d3 {[%clk 1:32:15]} Be7 {[%clk 1:30:05]}
9. Nd2 {[%clk 1:31:58]} Bd7 {[%clk 1:30:23]} 10. Nc4 {[%clk 1:31:58]} f6
{[%clk 1:30:50]} 11. f4 {[%clk 1:32:07]} b5 {[%clk 1:31:12]} 12. Ne3
{[%clk 1:32:16]} exf4 {[%clk 1:31:37]} 13. Nf5 {[%clk 1:31:57]} O-O
{[%clk 1:27:34]} 14. Nxe7+ {[%clk 1:31:06]} Qxe7 {[%clk 1:27:08]} 15. Bxf4
{[%clk 1:31:24]} Be8 {[%clk 1:07:41]} 16. Bxc7 {[%clk 1:23:31]} Qxc7
{[%clk 1:08:07]} 17. Nxb5 {[%clk 1:23:12]} Qe5 {[%clk 1:01:45]} 18. Qb3+
{[%clk 1:01:54]} Bf7 {[%clk 0:44:55]} 19. Qa4 {[%clk 0:55:56]} Rac8
{[%clk 0:42:45]} 20. Qf4 {[%clk 0:33:11]} Qxb2 {[%clk 0:38:38]} 21. Nd6
{[%clk 0:26:04]} Nd4 {[%clk 0:37:36]} 22. Kh1 {[%clk 0:26:24]} Rcd8
{[%clk 0:28:39]} 23. Nxf7 {[%clk 0:24:38]} Rxf7 {[%clk 0:29:03]} 24. e3
{[%clk 0:22:47]} Ne6 {[%clk 0:26:58]} 25. Qc4 {[%clk 0:18:44]} Qe5
{[%clk 0:26:30]} 26. Rae1 {[%clk 0:17:09]} g6 {[%clk 0:14:13]} 27. d4
{[%clk 0:17:30]} Qd6 {[%clk 0:14:42]} 28. dxc5 {[%clk 0:17:21]} Nxc5
{[%clk 0:14:59]} 29. Bf3 {[%clk 0:10:57]} Qe5 {[%clk 0:15:23]} 30. Rd1
{[%clk 0:08:28]} Rxd1 {[%clk 0:15:48]} 31. Rxd1 {[%clk 0:08:56]} Qxe3
{[%clk 0:12:42]} 32. Kg2 {[%clk 0:04:25]} Kg7 {[%clk 0:12:52]} 33. Rd6
{[%clk 0:02:22]} Nd7 {[%clk 0:11:41]} 34. Qe6 {[%clk 0:00:43]} Ne5
{[%clk 0:08:22]} 35. Bd5 {[%clk 0:00:37]} f5 {[%clk 0:08:10]} 36. Kh3
{[%clk 0:00:36]} f4 {[%clk 0:05:44]} 37. Qc8 {[%clk 0:00:47]} f3 {[%clk 0:05:44]}
0-1

[Event "Team men HL 2016"]
[Site "Sochi"]
[Date "2016.05.05"]
[Round "5.3"]
[White "Iljiushenok, Ilia"]
[Black "Yuffa, Daniil"]
[Result "1/2-1/2"]
[LiveChessVersion "1.4.4"]
[BlackElo "2503"]
[WhiteElo "2499"]

1. e4 {[%clk 1:30:49]} c6 {[%clk 1:30:22]} 2. d4 {[%clk 1:31:08]} d5
{[%clk 1:30:49]} 3. e5 {[%clk 1:30:56]} Bf5 {[%clk 1:31:16]} 4. h4
{[%clk 1:30:47]} a6 {[%clk 1:31:37]} 5. Nc3 {[%clk 1:20:55]} h5 {[%clk 1:31:37]}
6. Bd3 {[%clk 1:18:28]} Bxd3 {[%clk 1:31:57]} 7. Qxd3 {[%clk 1:18:34]} e6
{[%clk 1:32:22]} 8. Bg5 {[%clk 1:16:23]} Qc7 {[%clk 1:32:37]} 9. Nce2
{[%clk 1:04:59]} c5 {[%clk 1:31:18]} 10. c4 {[%clk 0:53:48]} Nc6 {[%clk 1:17:55]}
11. a3 {[%clk 0:37:03]} Nge7 {[%clk 1:08:21]} 12. Nf3 {[%clk 0:35:01]} cxd4
{[%clk 1:04:14]} 13. O-O {[%clk 0:35:11]} Nxe5 {[%clk 1:01:32]} 14. Nxe5
{[%clk 0:35:27]} Qxe5 {[%clk 1:01:59]} 15. Nxd4 {[%clk 0:16:10]} dxc4
{[%clk 0:56:33]} 16. Qxc4 {[%clk 0:16:20]} Qd5 {[%clk 0:56:41]} 17. Qc3
{[%clk 0:14:08]} Rc8 {[%clk 0:51:10]} 18. Qe3 {[%clk 0:11:03]} e5
{[%clk 0:44:13]} 19. Nf3 {[%clk 0:10:29]} f6 {[%clk 0:42:58]} 20. Rad1
{[%clk 0:10:22]} Qe6 {[%clk 0:36:51]} 21. Rfe1 {[%clk 0:10:26]} Nc6
{[%clk 0:31:57]} 22. Qb6 {[%clk 0:09:53]} Be7 {[%clk 0:26:06]} 23. Qxb7
{[%clk 0:09:38]} O-O {[%clk 0:23:27]} 24. Be3 {[%clk 0:09:23]} Na5
{[%clk 0:19:50]} 25. Qd7 {[%clk 0:09:36]} Rc6 {[%clk 0:15:50]} 26. Qxe6+
{[%clk 0:08:54]} Rxe6 {[%clk 0:16:18]} 27. Rc1 {[%clk 0:09:13]} Nc6
{[%clk 0:13:25]} 28. b4 {[%clk 0:09:17]} e4 {[%clk 0:11:53]} 29. Nd4
{[%clk 0:07:30]} Nxd4 {[%clk 0:12:19]} 30. Bxd4 {[%clk 0:07:58]} f5
{[%clk 0:12:36]} 31. Bc5 {[%clk 0:05:31]} Re8 {[%clk 0:11:25]} 32. Bxe7
{[%clk 0:05:40]} R8xe7 {[%clk 0:11:49]} 33. Rc5 {[%clk 0:05:58]} g6
{[%clk 0:10:54]} 34. g3 {[%clk 0:06:14]} Rd7 {[%clk 0:10:34]} 35. Rc3
{[%clk 0:04:39]} Kf7 {[%clk 0:10:00]} 36. Rec1 {[%clk 0:04:57]} Rdd6
{[%clk 0:08:37]} 37. Kf1 {[%clk 0:04:25]} Kf6 {[%clk 0:08:35]} 38. Ke2
{[%clk 0:04:48]} g5 {[%clk 0:08:13]} 39. hxg5+ {[%clk 0:05:06]} Kxg5
{[%clk 0:08:41]} 40. a4 {[%clk 0:33:41]} Rd4 {[%clk 0:37:31]} 41. Rc4
{[%clk 0:32:23]} Rd3 {[%clk 0:37:05]} 42. R1c3 {[%clk 0:32:07]} Red6
{[%clk 0:36:55]} 43. Rxd3 {[%clk 0:32:16]} Rxd3 {[%clk 0:37:23]} 44. Rc8
{[%clk 0:27:49]} Rb3 {[%clk 0:36:03]} 45. Rg8+ {[%clk 0:28:03]} Kf6
{[%clk 0:36:20]} 46. Ra8 {[%clk 0:28:13]} Rxb4 {[%clk 0:36:43]} 47. Rxa6+
{[%clk 0:28:40]} Kg5 {[%clk 0:35:52]} 48. Ra8 {[%clk 0:27:42]} h4
{[%clk 0:35:12]} 49. a5 {[%clk 0:24:40]} Rb2+ {[%clk 0:33:25]} 50. Ke3
{[%clk 0:24:56]} Rb3+ {[%clk 0:33:47]} 51. Ke2 {[%clk 0:25:22]} Rb2+
{[%clk 0:31:55]} 52. Ke3 {[%clk 0:25:51]} hxg3 {[%clk 0:30:56]} 53. fxg3
{[%clk 0:26:16]} Rb3+ {[%clk 0:29:54]} 54. Ke2 {[%clk 0:26:41]} Rb2+
{[%clk 0:29:50]} 55. Ke3 {[%clk 0:27:10]} Rb3+ {[%clk 0:29:35]} 56. Ke2 1/2-1/2

[Event "Team men HL 2016"]
[Site "Sochi"]
[Date "2016.05.05"]
[Round "5.4"]
[White "Lugovskoy, Maxim"]
[Black "Arkhipov, Sergey"]
[Result "1/2-1/2"]
[LiveChessVersion "1.4.4"]
[BlackElo "2480"]
[WhiteElo "2491"]

1. d4 {[%clk 1:30:29]} d5 {[%clk 1:29:56]} 2. Nc3 {[%clk 1:30:47]} Nf6
{[%clk 1:29:59]} 3. Bf4 {[%clk 1:31:06]} c6 {[%clk 1:29:20]} 4. e3
{[%clk 1:31:16]} Bf5 {[%clk 1:28:44]} 5. f3 {[%clk 1:31:22]} h5 {[%clk 1:26:13]}
6. Bd3 {[%clk 1:31:18]} Bxd3 {[%clk 1:25:27]} 7. Qxd3 {[%clk 1:28:12]} e6
{[%clk 1:25:04]} 8. Nge2 {[%clk 1:27:08]} Bd6 {[%clk 1:23:47]} 9. e4
{[%clk 1:24:03]} Bxf4 {[%clk 1:20:14]} 10. Nxf4 {[%clk 1:23:39]} Nbd7
{[%clk 1:19:25]} 11. O-O-O {[%clk 0:57:51]} Qc7 {[%clk 1:08:33]} 12. e5
{[%clk 0:53:53]} O-O-O {[%clk 1:07:40]} 13. h4 {[%clk 0:51:37]} g6
{[%clk 1:01:14]} 14. Kb1 {[%clk 0:49:02]} Ne8 {[%clk 1:01:21]} 15. Nce2
{[%clk 0:47:07]} Ng7 {[%clk 0:59:42]} 16. g4 {[%clk 0:45:56]} c5 {[%clk 0:55:14]}
17. c3 {[%clk 0:45:35]} Nb8 {[%clk 0:55:19]} 18. Ng3 {[%clk 0:42:16]} Nc6
{[%clk 0:54:56]} 19. Rdg1 {[%clk 0:41:26]} Kb8 {[%clk 0:50:37]} 20. Rd1
{[%clk 0:38:07]} Rc8 {[%clk 0:50:48]} 21. gxh5 {[%clk 0:33:37]} gxh5
{[%clk 0:50:54]} 22. Rhg1 {[%clk 0:32:20]} Qd8 {[%clk 0:44:57]} 23. Rh1
{[%clk 0:30:36]} Ne7 {[%clk 0:44:23]} 24. dxc5 {[%clk 0:22:53]} Qc7
{[%clk 0:40:18]} 25. Rde1 {[%clk 0:21:19]} Qxc5 {[%clk 0:40:21]} 26. Nfe2
{[%clk 0:19:08]} Ngf5 {[%clk 0:39:43]} 27. Nxf5 {[%clk 0:19:30]} Nxf5
{[%clk 0:40:08]} 28. Nd4 {[%clk 0:19:09]} Nxd4 {[%clk 0:40:00]} 29. cxd4
{[%clk 0:19:33]} Qc4 {[%clk 0:34:45]} 30. Qd2 {[%clk 0:19:20]} Qc7
{[%clk 0:27:19]} 31. Rhg1 {[%clk 0:14:31]} Rhg8 {[%clk 0:24:21]} 32. Rxg8
{[%clk 0:13:14]} Rxg8 {[%clk 0:24:36]} 33. Rc1 {[%clk 0:13:41]} Qe7
{[%clk 0:23:08]} 34. Qc2 {[%clk 0:13:09]} Rf8 {[%clk 0:22:10]} 35. a3
{[%clk 0:12:46]} a6 {[%clk 0:22:18]} 36. Qh2 {[%clk 0:12:10]} Rg8
{[%clk 0:22:13]} 37. Qc2 {[%clk 0:12:37]} Rf8 {[%clk 0:22:32]} 38. Qh2
{[%clk 0:13:05]} Rg8 {[%clk 0:22:50]} 39. Qc2 {[%clk 0:13:33]} Rf8
{[%clk 0:23:10]} 40. Qh2 {[%clk 0:44:00]} Rg8 {[%clk 0:22:57]} 1/2-1/2

[Event "Team men HL 2016"]
[Site "Sochi"]
[Date "2016.05.05"]
[Round "5.5"]
[White "Nikolenko, Oleg"]
[Black "Ponkratov, Pavel"]
[Result "1-0"]
[LiveChessVersion "1.4.4"]
[BlackElo "2595"]
[WhiteElo "2505"]

1. c4 {[%clk 1:30:54]} Nf6 {[%clk 1:30:50]} 2. g3 {[%clk 1:31:05]} e6
{[%clk 1:30:33]} 3. Bg2 {[%clk 1:30:48]} d5 {[%clk 1:30:59]} 4. Nf3
{[%clk 1:30:20]} dxc4 {[%clk 1:29:08]} 5. Qc2 {[%clk 1:29:30]} a6
{[%clk 1:27:55]} 6. Ne5 {[%clk 1:28:27]} c5 {[%clk 1:27:42]} 7. Na3
{[%clk 1:19:10]} Ra7 {[%clk 1:26:52]} 8. Naxc4 {[%clk 1:13:13]} b5
{[%clk 1:27:15]} 9. Ne3 {[%clk 1:13:12]} Bd6 {[%clk 1:27:07]} 10. Nc6
{[%clk 1:11:56]} Nxc6 {[%clk 1:27:20]} 11. Bxc6+ {[%clk 1:12:21]} Bd7
{[%clk 1:26:43]} 12. Bg2 {[%clk 1:10:28]} O-O {[%clk 1:24:48]} 13. b3
{[%clk 1:08:59]} Re8 {[%clk 1:07:26]} 14. Bb2 {[%clk 1:07:41]} Rc7
{[%clk 1:05:28]} 15. O-O {[%clk 1:03:59]} Bc6 {[%clk 1:05:54]} 16. Bxc6
{[%clk 1:03:47]} Rxc6 {[%clk 1:06:21]} 17. a4 {[%clk 1:03:45]} Nd5
{[%clk 1:06:13]} 18. axb5 {[%clk 1:02:45]} axb5 {[%clk 1:06:39]} 19. Qd3
{[%clk 0:59:13]} Nxe3 {[%clk 1:03:19]} 20. fxe3 {[%clk 0:55:54]} Qb8
{[%clk 0:53:58]} 21. Bxg7 {[%clk 0:50:38]} Kxg7 {[%clk 0:50:57]} 22. Rxf7+
{[%clk 0:50:28]} Kxf7 {[%clk 0:51:24]} 23. Qxh7+ {[%clk 0:50:48]} Kf6
{[%clk 0:51:53]} 24. Rf1+ {[%clk 0:50:50]} Bf4 {[%clk 0:52:20]} 25. Rxf4+
{[%clk 0:50:32]} Ke5 {[%clk 0:52:47]} 26. Rf7 {[%clk 0:36:44]} Ra6
{[%clk 0:46:40]} 27. d4+ {[%clk 0:31:19]} cxd4 {[%clk 0:33:27]} 28. Qh5+
{[%clk 0:15:31]} Kd6 {[%clk 0:32:51]} 29. exd4 {[%clk 0:15:46]} Ra1+
{[%clk 0:32:43]} 30. Kf2 {[%clk 0:16:07]} Rc1 {[%clk 0:32:38]} 31. Qe5+
{[%clk 0:10:30]} Kc6 {[%clk 0:33:02]} 32. Qe3 {[%clk 0:10:49]} Rd1
{[%clk 0:30:59]} 33. Qc3+ {[%clk 0:04:49]} Kb6 {[%clk 0:31:28]} 34. Qc5+
{[%clk 0:05:02]} Ka6 {[%clk 0:31:54]} 35. Qa3+ {[%clk 0:05:16]} Kb6
{[%clk 0:32:21]} 36. Qc5+ {[%clk 0:05:31]} Ka6 {[%clk 0:32:48]} 37. Rc7
{[%clk 0:04:08]} Rf8+ {[%clk 0:26:57]} 38. Kg2 {[%clk 0:03:15]} Rf5
{[%clk 0:23:17]} 39. Rc6+ {[%clk 0:03:11]} Kb7 {[%clk 0:23:44]} 40. Qb6+
{[%clk 0:33:30]} 1-0

[Event "Team men HL 2016"]
[Site "Sochi"]
[Date "2016.05.05"]
[Round "5.6"]
[White "Tregubov, Pavel V."]
[Black "Sychev, Klementy"]
[Result "1/2-1/2"]
[LiveChessVersion "1.4.4"]
[BlackElo "2419"]
[WhiteElo "2593"]

1. d4 {[%clk 1:30:58]} Nf6 {[%clk 1:30:51]} 2. c4 {[%clk 1:31:22]} g6
{[%clk 1:31:16]} 3. g3 {[%clk 1:31:46]} Bg7 {[%clk 1:30:27]} 4. Bg2
{[%clk 1:32:11]} d5 {[%clk 1:30:47]} 5. cxd5 {[%clk 1:32:36]} Nxd5
{[%clk 1:31:13]} 6. e4 {[%clk 1:33:00]} Nb6 {[%clk 1:31:40]} 7. Ne2
{[%clk 1:33:25]} c5 {[%clk 1:32:06]} 8. d5 {[%clk 1:33:50]} e6 {[%clk 1:32:33]}
9. O-O {[%clk 1:34:00]} O-O {[%clk 1:32:58]} 10. Nec3 {[%clk 1:34:26]} Na6
{[%clk 1:33:20]} 11. Bf4 {[%clk 1:34:35]} exd5 {[%clk 1:25:52]} 12. exd5
{[%clk 1:34:58]} Bf5 {[%clk 1:10:06]} 13. g4 {[%clk 1:35:00]} Bd7
{[%clk 1:01:19]} 14. Nd2 {[%clk 1:34:04]} Qh4 {[%clk 0:56:37]} 15. h3
{[%clk 1:30:24]} f5 {[%clk 0:56:45]} 16. Nf3 {[%clk 1:24:26]} Qd8
{[%clk 0:56:13]} 17. g5 {[%clk 1:23:38]} Re8 {[%clk 0:46:51]} 18. Re1
{[%clk 1:21:54]} Rxe1+ {[%clk 0:42:26]} 19. Qxe1 {[%clk 1:13:54]} Qf8
{[%clk 0:36:52]} 20. Qf1 {[%clk 1:09:35]} Re8 {[%clk 0:36:03]} 21. Re1
{[%clk 0:59:26]} Rxe1 {[%clk 0:27:20]} 22. Qxe1 {[%clk 0:56:52]} Qe8
{[%clk 0:26:43]} 23. Qd1 {[%clk 0:48:16]} c4 {[%clk 0:11:47]} 24. Be3
{[%clk 0:42:46]} Nb4 {[%clk 0:09:15]} 25. Bf1 {[%clk 0:42:12]} Bxc3
{[%clk 0:06:28]} 26. bxc3 {[%clk 0:42:34]} N4xd5 {[%clk 0:06:52]} 27. Bxc4
{[%clk 0:28:44]} Nxc4 {[%clk 0:06:59]} 28. Qxd5+ {[%clk 0:29:10]} Qe6
{[%clk 0:06:47]} 29. Qxe6+ {[%clk 0:18:08]} Bxe6 {[%clk 0:07:16]} 30. Bxa7
{[%clk 0:18:28]} Na3 {[%clk 0:02:08]} 31. Nd4 {[%clk 0:16:02]} Bxa2
{[%clk 0:02:32]} 32. Bc5 {[%clk 0:16:09]} Nc4 {[%clk 0:02:48]} 33. f3
{[%clk 0:16:02]} Ne5 {[%clk 0:02:57]} 34. Bd6 {[%clk 0:15:59]} Nc6
{[%clk 0:03:10]} 35. Nxc6 {[%clk 0:13:32]} bxc6 {[%clk 0:03:36]} 36. Kf2
{[%clk 0:13:57]} Kf7 {[%clk 0:04:00]} 37. f4 {[%clk 0:14:11]} Ke6
{[%clk 0:04:26]} 38. Be5 {[%clk 0:14:36]} Kd5 {[%clk 0:04:47]} 39. Ke3
{[%clk 0:15:03]} Bc4 {[%clk 0:05:05]} 40. h4 {[%clk 0:45:30]} Ba6
{[%clk 0:35:26]} 1/2-1/2

[Event "Team men HL 2016"]
[Site "Sochi"]
[Date "2016.05.05"]
[Round "5.7"]
[White "Saulin, Dmitri"]
[Black "Kryakvin, Dmitry"]
[Result "0-1"]
[LiveChessVersion "1.4.4"]
[BlackElo "2532"]
[WhiteElo "2390"]

1. e4 {[%clk 1:30:57]} c5 {[%clk 1:29:47]} 2. Nf3 {[%clk 1:31:21]} e6
{[%clk 1:28:25]} 3. g3 {[%clk 1:31:01]} Nc6 {[%clk 1:26:27]} 4. Bg2
{[%clk 1:29:16]} Nf6 {[%clk 1:26:49]} 5. Qe2 {[%clk 1:29:35]} d6 {[%clk 1:21:53]}
6. O-O {[%clk 1:29:29]} Be7 {[%clk 1:22:01]} 7. c3 {[%clk 1:28:42]} e5
{[%clk 1:22:26]} 8. Na3 {[%clk 1:25:19]} O-O {[%clk 1:22:22]} 9. Nc2
{[%clk 1:22:21]} Re8 {[%clk 1:21:05]} 10. d3 {[%clk 1:17:29]} h6 {[%clk 1:18:16]}
11. Ne3 {[%clk 1:16:53]} Be6 {[%clk 1:17:38]} 12. Nh4 {[%clk 1:17:10]} d5
{[%clk 1:10:22]} 13. exd5 {[%clk 1:13:41]} Nxd5 {[%clk 1:09:22]} 14. Nhf5
{[%clk 1:13:56]} Bf8 {[%clk 1:02:17]} 15. Bxd5 {[%clk 0:48:32]} Bxd5
{[%clk 1:02:37]} 16. Nxd5 {[%clk 0:48:42]} Qxd5 {[%clk 1:03:00]} 17. Rd1
{[%clk 0:48:29]} Rad8 {[%clk 0:57:52]} 18. Qg4 {[%clk 0:40:02]} Kh7
{[%clk 0:56:22]} 19. Be3 {[%clk 0:37:36]} b6 {[%clk 0:50:41]} 20. Qa4
{[%clk 0:35:14]} Qe6 {[%clk 0:45:23]} 21. g4 {[%clk 0:31:39]} Rd7
{[%clk 0:41:16]} 22. Qe4 {[%clk 0:30:02]} g6 {[%clk 0:40:43]} 23. Ng3
{[%clk 0:30:25]} Ne7 {[%clk 0:38:34]} 24. g5 {[%clk 0:27:06]} Nf5
{[%clk 0:34:28]} 25. gxh6 {[%clk 0:10:35]} Nxe3 {[%clk 0:33:37]} 26. fxe3
{[%clk 0:10:57]} Bxh6 {[%clk 0:30:33]} 27. Qf3 {[%clk 0:09:54]} Kg7
{[%clk 0:26:38]} 28. Kh1 {[%clk 0:06:12]} Rh8 {[%clk 0:24:57]} 29. Rg1
{[%clk 0:04:30]} Rxd3 {[%clk 0:20:04]} 30. Raf1 {[%clk 0:02:09]} e4
{[%clk 0:18:17]} 31. Nh5+ {[%clk 0:01:34]} Kf8 {[%clk 0:17:47]} 32. Qg3
{[%clk 0:01:28]} gxh5 {[%clk 0:16:17]} 33. Qb8+ {[%clk 0:00:38]} Qe8
{[%clk 0:16:37]} 34. Qg3 {[%clk 0:01:01]} Rd5 {[%clk 0:12:52]} 35. Rf6
{[%clk 0:01:12]} Bg5 {[%clk 0:12:43]} 36. Rd6 {[%clk 0:00:47]} h4
{[%clk 0:12:43]} 0-1

[Event "Team men HL 2016"]
[Site "Sochi"]
[Date "2016.05.05"]
[Round "5.8"]
[White "Shariyazdanov, Andrey"]
[Black "Benza, Artem"]
[Result "1-0"]
[LiveChessVersion "1.4.4"]
[BlackElo "2334"]
[WhiteElo "2527"]

1. Nf3 {[%clk 1:30:57]} c5 {[%clk 1:29:28]} 2. c4 {[%clk 1:30:51]} Nc6
{[%clk 1:29:06]} 3. d4 {[%clk 1:30:04]} cxd4 {[%clk 1:28:52]} 4. Nxd4
{[%clk 1:30:28]} Nf6 {[%clk 1:24:27]} 5. Nc3 {[%clk 1:28:00]} g6 {[%clk 1:14:03]}
6. e4 {[%clk 1:28:08]} Bg7 {[%clk 1:13:34]} 7. Be3 {[%clk 1:28:04]} O-O
{[%clk 1:10:53]} 8. Be2 {[%clk 1:28:05]} d6 {[%clk 1:09:08]} 9. O-O
{[%clk 1:28:01]} Bd7 {[%clk 1:08:49]} 10. Nc2 {[%clk 1:27:22]} Rc8
{[%clk 0:57:27]} 11. f3 {[%clk 1:27:09]} Be6 {[%clk 0:53:28]} 12. Qd2
{[%clk 1:25:38]} Nd7 {[%clk 0:48:32]} 13. Rac1 {[%clk 1:23:21]} a6
{[%clk 0:35:16]} 14. Rfd1 {[%clk 1:18:21]} f5 {[%clk 0:30:59]} 15. exf5
{[%clk 1:15:44]} gxf5 {[%clk 0:27:26]} 16. f4 {[%clk 1:13:43]} Nf6
{[%clk 0:25:17]} 17. h3 {[%clk 1:04:11]} Qe8 {[%clk 0:23:26]} 18. b3
{[%clk 1:02:59]} Qg6 {[%clk 0:19:50]} 19. Nd4 {[%clk 1:02:39]} Nxd4
{[%clk 0:19:11]} 20. Bxd4 {[%clk 1:02:57]} Rf7 {[%clk 0:12:29]} 21. Bf3
{[%clk 1:00:28]} Ne4 {[%clk 0:10:14]} 22. Qe3 {[%clk 1:00:28]} Nxc3
{[%clk 0:06:47]} 23. Rxc3 {[%clk 1:00:07]} b5 {[%clk 0:05:57]} 24. Bxg7
{[%clk 0:57:58]} Rxg7 {[%clk 0:03:53]} 25. c5 {[%clk 0:55:03]} dxc5
{[%clk 0:02:10]} 26. Rxc5 {[%clk 0:55:17]} Rxc5 {[%clk 0:01:47]} 27. Qxc5
{[%clk 0:55:16]} h6 {[%clk 0:01:07]} 28. Qa7 {[%clk 0:46:46]} Bf7
{[%clk 0:00:42]} 29. Qxe7 {[%clk 0:45:25]} Qg3 {[%clk 0:00:57]} 30. Qe5
{[%clk 0:44:56]} Bh5 {[%clk 0:00:36]} 31. Qxf5 {[%clk 0:42:57]} Bg6
{[%clk 0:00:34]} 32. Qe5 {[%clk 0:42:56]} Kh7 {[%clk 0:00:39]} 33. Rd8
{[%clk 0:41:17]} Qh4 {[%clk 0:00:49]} 34. Qb8 {[%clk 0:40:20]} Qe1+
{[%clk 0:00:53]} 35. Kh2 {[%clk 0:40:45]} 1-0

[Event "Team men HL 2016"]
[Site "Sochi"]
[Date "2016.05.05"]
[Round "5.10"]
[White "Chigaev, Maksim"]
[Black "Bryzgalin, Kirill"]
[Result "1/2-1/2"]
[LiveChessVersion "1.4.4"]
[BlackElo "2446"]
[WhiteElo "2552"]

1. c4 {[%clk 1:30:55]} e5 {[%clk 1:30:37]} 2. g3 {[%clk 1:31:20]} Nf6
{[%clk 1:29:36]} 3. Bg2 {[%clk 1:31:42]} d5 {[%clk 1:29:50]} 4. cxd5
{[%clk 1:32:05]} Nxd5 {[%clk 1:30:15]} 5. Nc3 {[%clk 1:32:28]} Nb6
{[%clk 1:30:34]} 6. d3 {[%clk 1:32:51]} Be7 {[%clk 1:29:46]} 7. Be3
{[%clk 1:33:14]} O-O {[%clk 1:23:09]} 8. Rc1 {[%clk 1:33:36]} Re8
{[%clk 1:22:23]} 9. a3 {[%clk 1:33:51]} f6 {[%clk 1:03:38]} 10. Bxb6
{[%clk 1:26:26]} axb6 {[%clk 1:03:23]} 11. e3 {[%clk 1:26:38]} c6
{[%clk 0:59:45]} 12. Nf3 {[%clk 1:22:45]} Nd7 {[%clk 0:56:32]} 13. O-O
{[%clk 1:21:14]} Nf8 {[%clk 0:52:22]} 14. d4 {[%clk 1:19:39]} Bg4
{[%clk 0:43:50]} 15. Qb3+ {[%clk 1:06:40]} Be6 {[%clk 0:40:35]} 16. Qc2
{[%clk 1:07:02]} exd4 {[%clk 0:39:31]} 17. Nxd4 {[%clk 1:07:07]} Bf7
{[%clk 0:35:10]} 18. Rfd1 {[%clk 1:06:49]} Qb8 {[%clk 0:34:32]} 19. Nf5
{[%clk 1:04:56]} Qe5 {[%clk 0:32:49]} 20. Nxe7+ {[%clk 1:03:31]} Qxe7
{[%clk 0:31:58]} 21. Rd2 {[%clk 1:01:22]} Red8 {[%clk 0:26:28]} 22. Rcd1
{[%clk 1:00:53]} Rxd2 {[%clk 0:26:08]} 23. Rxd2 {[%clk 1:01:11]} b5
{[%clk 0:25:30]} 24. h4 {[%clk 0:57:27]} Rd8 {[%clk 0:22:10]} 25. Ne4
{[%clk 0:56:50]} Rxd2 {[%clk 0:19:10]} 26. Qxd2 {[%clk 0:56:45]} Bd5
{[%clk 0:17:03]} 27. Qd4 {[%clk 0:56:10]} Nd7 {[%clk 0:13:35]} 28. f4
{[%clk 0:53:05]} g6 {[%clk 0:08:49]} 29. Nf2 {[%clk 0:52:09]} Bxg2
{[%clk 0:06:31]} 30. Kxg2 {[%clk 0:52:32]} Nc5 {[%clk 0:03:12]} 31. g4
{[%clk 0:51:27]} Ne6 {[%clk 0:02:55]} 32. Qc3 {[%clk 0:49:44]} Nc7
{[%clk 0:02:52]} 33. Kf3 Nd5 {[%clk 0:01:45]} 34. Qd4 {[%clk 0:50:00]} f5
{[%clk 0:01:24]} 35. g5 {[%clk 0:49:38]} Qe6 {[%clk 0:01:34]} 36. Nd3
{[%clk 0:49:37]} Qe7 {[%clk 0:01:22]} 37. Ne5 {[%clk 0:49:35]} Qd6
{[%clk 0:00:56]} 38. Qa7 {[%clk 0:48:16]} Ne7 {[%clk 0:00:43]} 39. Ke2
{[%clk 0:46:19]} Qc7 {[%clk 0:00:57]} 40. Qa8+ {[%clk 1:15:09]} Nc8
{[%clk 0:30:45]} 41. a4 {[%clk 1:05:49]} Kg7 {[%clk 0:27:46]} 42. b3
{[%clk 0:58:13]} Nd6 {[%clk 0:24:00]} 43. Qa7 {[%clk 0:57:44]} bxa4
{[%clk 0:20:56]} 44. bxa4 {[%clk 0:54:19]} c5 {[%clk 0:19:43]} 45. a5
{[%clk 0:54:05]} Nc8 {[%clk 0:17:34]} 46. Qa8 {[%clk 0:54:04]} c4
{[%clk 0:16:45]} 47. a6 {[%clk 0:52:35]} bxa6 {[%clk 0:16:10]} 48. Qxa6
{[%clk 0:52:07]} Nb6 {[%clk 0:13:20]} 49. Qb5 {[%clk 0:51:12]} c3
{[%clk 0:10:44]} 50. Nc6 {[%clk 0:51:55]} Qd6 {[%clk 0:06:25]} 51. Nd4
{[%clk 0:46:18]} Nd5 {[%clk 0:04:17]} 52. Qc4 {[%clk 0:44:27]} h6
{[%clk 0:01:40]} 53. Nb5 {[%clk 0:42:08]} Nxf4+ {[%clk 0:01:32]} 54. exf4
{[%clk 0:42:28]} 1/2-1/2

[Event "Team men HL 2016"]
[Site "Sochi"]
[Date "2016.05.05"]
[Round "5.11"]
[White "Oganian, Miran"]
[Black "Rozum, Ivan"]
[Result "0-1"]
[LiveChessVersion "1.4.4"]
[BlackElo "2559"]
[WhiteElo "2445"]

1. d4 {[%clk 1:30:57]} Nf6 {[%clk 1:30:48]} 2. c4 {[%clk 1:31:16]} e6
{[%clk 1:31:13]} 3. g3 {[%clk 1:31:37]} d5 {[%clk 1:31:31]} 4. Nf3
{[%clk 1:31:57]} Bb4+ {[%clk 1:31:51]} 5. Bd2 {[%clk 1:32:18]} Bd6
{[%clk 1:32:12]} 6. Bg2 {[%clk 1:32:19]} c6 {[%clk 1:32:23]} 7. Qc2
{[%clk 1:31:58]} Nbd7 {[%clk 1:32:16]} 8. O-O {[%clk 1:31:28]} O-O
{[%clk 1:32:23]} 9. Bg5 {[%clk 1:27:01]} h6 {[%clk 1:32:38]} 10. Bxf6
{[%clk 1:26:38]} Nxf6 {[%clk 1:33:02]} 11. Nc3 {[%clk 1:21:18]} dxc4
{[%clk 1:24:57]} 12. e4 {[%clk 1:15:07]} Be7 {[%clk 1:23:39]} 13. e5
{[%clk 1:12:30]} Nd5 {[%clk 1:20:24]} 14. Ne4 {[%clk 1:11:26]} b5
{[%clk 1:20:05]} 15. b3 {[%clk 1:10:31]} Ba6 {[%clk 1:11:59]} 16. Rfd1
{[%clk 1:09:09]} Qa5 {[%clk 1:07:11]} 17. Bf1 {[%clk 0:50:54]} c3
{[%clk 1:00:42]} 18. a3 {[%clk 0:51:09]} Bb7 {[%clk 0:41:22]} 19. b4
{[%clk 0:47:54]} Qa4 {[%clk 0:38:04]} 20. Qxa4 {[%clk 0:38:24]} bxa4
{[%clk 0:38:29]} 21. Nc5 {[%clk 0:37:40]} Rfb8 {[%clk 0:29:10]} 22. Nd7
{[%clk 0:13:26]} Rd8 {[%clk 0:28:52]} 23. Nc5 {[%clk 0:13:48]} Bxc5
{[%clk 0:25:42]} 24. bxc5 {[%clk 0:13:17]} Rdb8 {[%clk 0:26:08]} 25. Bd3
{[%clk 0:12:50]} Bc8 {[%clk 0:26:12]} 26. Bc2 {[%clk 0:10:41]} Rb3
{[%clk 0:24:35]} 27. Rdc1 {[%clk 0:09:59]} Ba6 {[%clk 0:23:58]} 28. Ne1
{[%clk 0:09:34]} f5 {[%clk 0:20:39]} 29. Ng2 {[%clk 0:08:28]} Rab8
{[%clk 0:19:41]} 30. Ne3 {[%clk 0:08:31]} Nxe3 {[%clk 0:18:50]} 31. fxe3
{[%clk 0:08:52]} Bc4 {[%clk 0:18:34]} 32. e4 {[%clk 0:06:43]} fxe4
{[%clk 0:13:34]} 33. Bxe4 {[%clk 0:06:56]} Bb5 {[%clk 0:11:12]} 34. Bc2
{[%clk 0:05:16]} Rb2 {[%clk 0:11:37]} 35. Be4 {[%clk 0:02:11]} Rd8
{[%clk 0:11:46]} 36. Rxc3 {[%clk 0:02:22]} Rxd4 {[%clk 0:12:11]} 37. Bg2
{[%clk 0:01:28]} Rdd2 {[%clk 0:11:27]} 38. Bh3 {[%clk 0:01:23]} Kf7
{[%clk 0:10:38]} 39. Bf1 {[%clk 0:01:34]} a6 {[%clk 0:09:53]} 40. h4
{[%clk 0:31:25]} Rb3 {[%clk 0:38:18]} 41. Rcc1 {[%clk 0:26:05]} Rxg3+
{[%clk 0:38:24]} 42. Kh1 {[%clk 0:26:29]} Ke7 {[%clk 0:38:19]} 43. h5
{[%clk 0:22:16]} Rg5 {[%clk 0:38:27]} 44. Rc3 {[%clk 0:22:05]} Rxh5+
{[%clk 0:38:41]} 45. Rh3 {[%clk 0:21:06]} Rxe5 {[%clk 0:38:51]} 46. Bg2
{[%clk 0:21:10]} Rxc5 {[%clk 0:38:16]} 47. Re1 {[%clk 0:21:00]} Re2
{[%clk 0:38:07]} 48. Rg1 {[%clk 0:21:00]} Rg5 {[%clk 0:38:14]} 49. Rh4
{[%clk 0:20:05]} c5 {[%clk 0:38:02]} 50. Bf3 {[%clk 0:11:16]} Rxg1+
{[%clk 0:37:50]} 51. Kxg1 {[%clk 0:11:43]} Re3 {[%clk 0:38:08]} 52. Kf2
{[%clk 0:11:34]} Rxa3 {[%clk 0:36:16]} 0-1